| 000 | 00833nam a2200217Ia 4500 | ||
|---|---|---|---|
| 001 | 14698 | ||
| 003 | GE_BSU | ||
| 008 | 181216s||||||||xx |||||||||||||| ||und|| | ||
| 040 | _cGE_BSU | ||
| 080 | _a621.078(076) | ||
| 245 | _aСборник задач по теории автоматического регулирования и управления. | ||
| 245 | _cПод ред. В.А.Бесекерско. Ред. Р.Т.Янушевский. | ||
| 250 | _aИзд 3-ое, перераб.и дополнен. | ||
| 260 | _aМ. | ||
| 260 | _bНаука. | ||
| 260 | _c1969. | ||
| 300 | _a587 стр. 22 см. с илл. 376 библиогр. | ||
| 300 | _e32 табл. | ||
| 653 | _aСборник задач по теории автоматического регулирования и управления. | ||
| 942 | _cBK | ||
| 999 |
_c47824 _d47824 |
||